[Event "PK Jeugd 2020 C-Open"]
[Site "Eindhoven, Netherlands"]
[Date "2020.02.09"]
[Round "6.4"]
[White "Ponomarev, Ivan"]
[Black "Kazarjan, Gachatur"]
[Result "0-1"]
[WhiteElo "1617"]
[BlackElo "1600"]

1. e4 {[%emt 00:34:02]} c5 {[%emt 00:00:04]} 2. Nf3 {[%emt 00:00:04]} Nc6
{[%emt 00:00:05]} 3. Bb5 {[%emt 00:02:31]} d6 {[%emt 00:00:06]} 4. O-O {[%emt
00:01:51]} g6 {[%emt 00:00:04]} 5. c3 {[%emt 00:09:24]} Bg7 {[%emt 00:00:36]} 6.
d4 {[%emt 00:03:13]} cxd4 {[%emt 00:00:04]} 7. cxd4 {[%emt 00:02:37]} a6 {[%emt
00:00:14]} 8. Bxc6+ {[%emt 00:04:01]} bxc6 {[%emt 00:00:11]} 9. Nc3 {[%emt
00:04:01]} Nf6 {[%emt 00:00:45]} 10. Re1 {[%emt 00:06:20]} O-O {[%emt
00:00:54]} 11. e5 {[%emt 00:04:58]} dxe5 {[%emt 00:00:22]} 12. dxe5 {[%emt
00:03:09]} Nd5 {[%emt 00:00:20]} 13. Nxd5 {[%emt 00:03:48]} cxd5 {[%emt
00:01:09]} 14. b3 {[%emt 00:01:35]} Bg4 {[%emt 00:02:29]} 15. Bb2 {[%emt
00:02:35]} e6 {[%emt 00:00:13]} 16. Rc1 {[%emt 00:03:19]} Qd7 {[%emt 00:01:15]}
17. h3 {[%emt 00:01:23]} Bxf3 {[%emt 00:00:23]} 18. Qxf3 {[%emt 00:00:02]} Rac8
{[%emt 00:00:10]} 19. Qd3 {[%emt 00:00:57]} Rxc1 {[%emt 00:00:59]} 20. Rxc1
{[%emt 00:00:37]} Rc8 {[%emt 00:00:49]} 21. Qxa6 {[%emt 00:00:44]} Rxc1+ {[%emt
00:00:05]} 22. Bxc1 {[%emt 00:00:01]} Bxe5 {[%emt 00:00:02]} 23. Bh6 {[%emt
00:01:00]} Qd8 {[%emt 00:01:57]} 24. Qe2 {[%emt 00:00:23]} Bf6 {[%emt
00:00:13]} 25. Bd2 {[%emt 00:00:23]} d4 {[%emt 00:00:20]} 26. Qd3 {[%emt
00:00:14]} e5 {[%emt 00:00:08]} 27. f3 {[%emt 00:00:10]} Bg7 {[%emt 00:00:29]}
28. b4 {[%emt 00:00:07]} Qb6 {[%emt 00:00:08]} 29. a4 {[%emt 00:00:14]} Bf8
{[%emt 00:00:50]} 30. a5 {[%emt 00:00:06]} Qb8 {[%emt 00:00:13]} 31. b5 {[%emt
00:00:08]} Bc5 {[%emt 00:00:22]} 32. a6 {[%emt 00:00:14]} Bb6 {[%emt 00:00:09]}
33. Kf1 {[%emt 00:00:16]} Kg7 {[%emt 00:00:31]} 34. Ke2 {[%emt 00:00:06]} f5
{[%emt 00:00:14]} 35. g4 {[%emt 00:00:13]} e4 {[%emt 00:00:22]} 36. fxe4 {[%emt
00:00:04]} Qh2+ {[%emt 00:00:10]} 37. Kd1 {[%emt 00:00:11]} Qh1+ {[%emt
00:00:08]} 38. Kc2 {[%emt 00:00:13]} Qxe4 {[%emt 00:00:20]} 39. Qxe4 {[%emt
00:00:07]} fxe4 {[%emt 00:00:04]} 40. Bf4 {[%emt 00:00:09]} Kf6 {[%emt
00:00:25]} 41. Bb8 {[%emt 00:00:06]} d3+ {[%emt 00:00:04]} 42. Kd2 {[%emt
00:00:14]} Ba5+ {[%emt 00:00:05]} 43. Kd1 {[%emt 00:00:12]} e3 {[%emt
00:00:06]} 44. Bg3 {[%emt 00:00:09]} e2+ {[%emt 00:00:26]} 45. Kc1 {[%emt
00:00:01]} d2+ {[%emt 00:00:07]} 46. Kb2 {[%emt 00:00:05]} d1=Q {[%emt
00:00:07]} 47. a7 {[%emt 00:00:08]} Qd4+ {[%emt 00:00:07]} 48. Ka2 {[%emt
00:00:12]} Qxa7 {[%emt 00:00:22]} 0-1